Normal view
MARC view
- عبيدات،محمد ابراهيم/هاني حامد الضمور
Entry Personal Name
001 - CONTROL NUMBER
- control field: 10132
003 - CONTROL NUMBER IDENTIFIER
- control field: JO-AjAnu
005 - DATE AND TIME OF LATEST TRANSACTION
- control field: 20230606071928.0
008 - FIXED-LENGTH DATA ELEMENTS
- fixed length control field: 230606|| aca||aabn | a|a d
040 ## - CATALOGING SOURCE
- Original cataloging agency: JO-AjAnu
- Transcribing agency: JO-AjAnu
100 ## - HEADING--PERSONAL NAME
- Personal name: عبيدات،محمد ابراهيم/هاني حامد الضمور
670 ## - SOURCE DATA FOUND
- Source citation: Work cat.: (JO-AjAnu)5220: عبيدات،محمد ابراهيم/هاني حامد الضمور, author, الاتجاهات الحديثة في ادارة المنشآت التسويقية